Макроэкономика: учебник для бакалавров

Détails bibliographiques
Collectivités auteurs: Московский государственный институт международных отношений (МГИМО-Университет), Всероссийская академия внешней торговли (ВАВТ), Российская академия наук (РАН) Институт США и Канады (ИСК)
Autres auteurs: Булатов А. С. Александр Сергеевич (редактор), Капица Л. М. Лариса Михайловна, Бартенев С. А. Сергей Александрович, Большакова И. И. Инна Ивановна, Сысоева Г. И. Галина Ивановна, Супян В. Б. Виктор Борисович
Résumé:Продолжение учебника «Микроэкономика» того же авторского коллектива. Соответствует требованиям Федерального государственного образовательного стандарта высшего профессионального образования третьего поколения, а также рекомендациям примерных программ УМО. Отличается сжатым стилем. Особое внимание уделено наиболее важным для нашей страны аспектам макроэкономической теории, а также внешнеэкономическим аспектам.
Langue:russe
Publié: Москва, Юрайт, 2014
Collection:Бакалавр. Базовый курс
Sujets:
Format: Livre
KOHA link:https://koha.lib.tpu.ru/cgi-bin/koha/opac-detail.pl?biblionumber=242227

MARC

LEADER 00000nam0a2200000 4500
001 242227
005 20231101231859.0
010 |a 9785991630641 
035 |a (RuTPU)RU\TPU\book\263528 
090 |a 242227 
100 |a 20130828d2014 m y0rusy50 ca 
101 0 |a rus 
102 |a RU 
105 |a y j 001zy 
200 1 |a Макроэкономика  |e учебник для бакалавров  |f А. С. Булатов [и др.]  |g Московский государственный институт международных отношений (МГИМО-Университет) ; Всероссийская академия внешней торговли (ВАВТ) ; Российская академия наук (РАН), Институт США и Канады (ИСК) ; под ред. А. С. Булатова 
210 |a Москва  |c Юрайт  |d 2014 
215 |a 405 с. 
225 1 |a Бакалавр. Базовый курс 
320 |a Библиогр.: с. 405. 
320 |a Словарь терминов и понятий: в конце гл. 
330 |a Продолжение учебника «Микроэкономика» того же авторского коллектива. Соответствует требованиям Федерального государственного образовательного стандарта высшего профессионального образования третьего поколения, а также рекомендациям примерных программ УМО. Отличается сжатым стилем. Особое внимание уделено наиболее важным для нашей страны аспектам макроэкономической теории, а также внешнеэкономическим аспектам. 
452 1 |0 (RuTPU)RU\TPU\book\281036  |y 978-5-9916-3064-1  |t Макроэкономика  |o учебник для бакалавров  |f Московский государственный институт международных отношений (МГИМО-Университет) ; Российская академия наук (РАН), Институт США и Канады (ИСК) ; под ред. А. С. Булатова  |c Москва  |n Юрайт  |d 2014  |p 1 Мультимедиа CD-ROM  |s Бакалавр. Базовый курс 
488 1 |0 (RuTPU)RU\TPU\book\263550  |y 978-5-9916-3036-8  |t Микроэкономика  |o учебник для бакалавров  |f А. С. Булатов [и др.]  |g Московский государственный институт международных отношений (МГИМО-Университет) ; Всероссийская академия внешней торговли (ВАВТ) ; Российская академия наук (РАН), Институт США и Канады (ИСК) ; под ред. А. С. Булатова  |c Москва  |n Юрайт  |d 2014  |p 439 с.  |s Бакалавр. Базовый курс 
606 1 |a Макроэкономика  |2 stltpush  |3 (RuTPU)RU\TPU\subj\36372  |9 57778 
610 1 |a экономика 
610 1 |a макроэкономическая теория 
610 1 |a национальные счета 
610 1 |a макроэкономические показатели 
610 1 |a равновесие 
610 1 |a кейнсианские теории 
610 1 |a экономическое развитие 
610 1 |a экономический рост 
610 1 |a экономическая политика 
610 1 |a фискальные системы 
610 1 |a монетарная система 
610 1 |a социальная сфера 
610 1 |a международная экономика 
610 1 |a глобальная экономика 
610 1 |a глобализация 
610 1 |a международная торговля 
610 1 |a экономические ресурсы 
610 1 |a платежный баланс 
610 1 |a валютная система 
610 1 |a модель Манделла-Флеминга 
610 1 |a капитал 
610 1 |a миграция 
610 1 |a учебные пособия 
686 |a У012.2я73  |v LBC/SL-A  |2 rubbk 
701 1 |a Булатов  |b А. С.  |g Александр Сергеевич 
701 1 |a Капица  |b Л. М.  |g Лариса Михайловна 
701 1 |a Бартенев  |b С. А.  |g Сергей Александрович 
701 1 |a Большакова  |b И. И.  |g Инна Ивановна 
701 1 |a Сысоева  |b Г. И.  |g Галина Ивановна 
701 1 |a Супян  |b В. Б.  |g Виктор Борисович 
702 1 |a Булатов  |b А. С.  |g Александр Сергеевич  |4 340 
712 0 2 |a Московский государственный институт международных отношений (МГИМО-Университет)  |2 stltpush  |3 (RuTPU)RU\TPU\col\364 
712 0 2 |a Всероссийская академия внешней торговли (ВАВТ)  |c (Москва)  |2 stltpush  |3 (RuTPU)RU\TPU\col\93 
712 0 2 |a Российская академия наук (РАН)  |b Институт США и Канады (ИСК)  |c (Москва)  |2 stltpush  |3 (RuTPU)RU\TPU\col\254 
801 1 |a RU  |b 63413507  |c 20130828 
801 2 |a RU  |b 63413507  |c 20150622  |g RCR 
900 |a Макроэкономика 
942 |c BK 
951 |b 080100 
959 |a 117/20130828  |d 5  |e 375,00  |f ЧЗГЛ:1  |f АНЛ:1  |f УФ:3